| 000 | 00526nam a22001937a 4500 | ||
|---|---|---|---|
| 005 | 20151106145917.0 | ||
| 010 | _aPUN-7786 | ||
| 020 | _c150.00 | ||
| 035 | _aPN-6904 | ||
| 037 | _aunistar books | ||
| 082 | _a851 | ||
| 100 | _aਕੈਂਥ,ਪਰਨਦੀਪ | ||
| 245 | _aਕਲਮ ਦਾ ਨੇਤਰ | ||
| 246 |
_aKalam da nayter _bbyKainth, Parandeep |
||
| 250 | _a2012 | ||
| 260 |
_aChandigarh _bUnistar Books |
||
| 300 |
_aPg.94 _b22cmਸਜਿਲਦ |
||
| 942 |
_2ddc _cPN _h851 _kਕੈਂਖਪ |
||
| 999 |
_c98114 _d98114 |
||